[Event "Eastern Asia-ch U20 Girls"]
[Site "Gangneung"]
[Date "2018.08.07"]
[Round "6.3"]
[White "Lee, Seyeon"]
[Black "Koo, Wei Xin Rosamund"]
[Result "1-0"]
[WhiteElo "1694"]
[BlackElo "1925"]
[PlyCount "89"]
[EventDate "2018.08.02"]
[EventType "tourn"]
[EventRounds "7"]
[EventCountry "KOR"]
[SourceTitle "EXT 2024"]
[Source "ChessBase"]
[SourceDate "2023.10.10"]
[SourceVersion "1"]
[SourceVersionDate "2023.10.10"]
[SourceQuality "1"]

1. e4 c5 2. Nf3 Nc6 3. d4 cxd4 4. Nxd4 g6 5. Nxc6 bxc6 6. c4 Bg7 7. Nc3 Rb8 8. Be2 Qa5 9. Qc2 Nf6 10. 0-0 0-0 11. Rb1 d6 12. h3 Be6 13. a3 d5 14. b4 Qc7 15. exd5 cxd5 16. c5 Bf5 17. Bd3 Bxd3 18. Qxd3 Rfd8 19. f4 d4 20. Ne4 Nd5 21. Kh1 Nc3 22. Nxc3 dxc3 23. Qc2 Rd5 24. Be3 Qc6 25. Rfd1 Rh5 26. Kh2 g5 27. fxg5 Be5+ 28. Kg1 a6 29. Rbc1 Kh8 30. Qf5 f6 31. Qg4 Qe8 32. Rf1 Rd8 33. Rfd1 Ra8 34. Rd7 fxg5 35. Rd5 Bf6 36. Bd4 Rh4 37. Bxf6+ exf6 38. Qf3 Rf4 39. Qxc3 Qe2 40. Qd2 Re8 41. Qxe2 Rxe2 42. Rf1 Rc4 43. Rxf6 Rcc2 44. Rxg5 h6 45. Rxh6# 1-0

[Event "Eastern Asia-ch U20 Girls"]
[Site "Gangneung"]
[Date "2018.08.06"]
[Round "4.2"]
[White "Mordido, Kylen Joy"]
[Black "Koo, Wei Xin Rosamund"]
[Result "1-0"]
[WhiteElo "1918"]
[BlackElo "1925"]
[PlyCount "97"]
[EventDate "2018.08.02"]
[EventType "tourn"]
[EventRounds "7"]
[EventCountry "KOR"]
[SourceTitle "EXT 2024"]
[Source "ChessBase"]
[SourceDate "2023.10.10"]
[SourceVersion "1"]
[SourceVersionDate "2023.10.10"]
[SourceQuality "1"]

1. c4 c5 2. Nf3 Nc6 3. Nc3 g6 4. d4 cxd4 5. Nxd4 Bg7 6. Nc2 Bxc3+ 7. bxc3 Qa5 8. e4 Nf6 9. f3 0-0 10. Be2 d6 11. 0-0 Be6 12. Rb1 Qxa2 13. Na3 Ne5 14. Rf2 Neg4 15. Rf1 Ne3 16. Bxe3 Qxa3 17. Bd4 Qa5 18. Rxb7 Nd7 19. Rb5 Qc7 20. Qb3 Rfb8 21. Ra1 f6 22. Qa4 Nb6 23. Qb4 Nd7 24. Rxb8+ Nxb8 25. c5 Nc6 26. cxd6 exd6 27. Qa4 Nxd4 28. Qxd4 Kf7 29. Ra6 Ke7 30. Bb5 Bd7 31. Bc4 Bc8 32. Ra1 a5 33. Bd5 Ra7 34. Kf2 Qc5 35. Ke3 Bd7 36. f4 a4 37. Qxc5 dxc5 38. Kd3 Kd6 39. Kc2 g5 40. fxg5 fxg5 41. Rf1 Be8 42. Rf6+ Ke7 43. Re6+ Kd8 44. Kb2 Ra5 45. Ka3 Rb5 46. Rxe8+ Kd7 47. Rh8 Rb1 48. Rxh7+ Kd6 49. Kxa4 1-0

[Event "Wch U20 Girls 35th"]
[Site "Tarvisio"]
[Date "2017.11.25"]
[Round "11"]
[White "Koo, Wei Xin Rosamund"]
[Black "Cui, Cynthia"]
[Result "1-0"]
[WhiteElo "1900"]
[BlackElo "1553"]
[PlyCount "85"]
[EventDate "2017.11.13"]
[EventType "swiss"]
[EventRounds "11"]
[EventCountry "ITA"]
[SourceTitle "EXT 2019"]
[Source "ChessBase"]
[SourceDate "2018.10.10"]
[SourceVersion "1"]
[SourceVersionDate "2018.10.10"]
[SourceQuality "1"]

1. d4 c6 2. c4 d5 3. Nf3 Nf6 4. Nbd2 dxc4 5. Nxc4 Bf5 6. e3 e6 7. Be2 Be7 8. 0-0 h6 9. Qb3 Qc7 10. Bd2 Nbd7 11. Rac1 0-0 12. a4 Nd5 13. a5 Bf6 14. Qa3 Be7 15. b4 N7f6 16. Qb2 Ne4 17. Be1 Rab8 18. Nfe5 Nd6 19. Na3 Qd8 20. Qb3 a6 21. Bd3 Bxd3 22. Nxd3 Ne4 23. Nc5 Nef6 24. e4 Nf4 25. Qe3 Ng6 26. Bc3 Qc7 27. g3 h5 28. Nc4 Ng4 29. Qe2 Bxc5 30. dxc5 e5 31. Rcd1 Qe7 32. Rd6 Qg5 33. Bd2 Qe7 34. Rd1 Nf6 35. Bg5 Rfd8 36. Bxf6 gxf6 37. Qxh5 Kg7 38. Rxd8 Rxd8 39. Rxd8 Qxd8 40. Nd6 Qd7 41. Qf5 Qe7 42. Qc8 Kh7 43. Nxb7 1-0

[Event "Wch U20 Girls 35th"]
[Site "Tarvisio"]
[Date "2017.11.20"]
[Round "7"]
[White "Koo, Wei Xin Rosamund"]
[Black "Terbe, Zsuzsanna"]
[Result "0-1"]
[WhiteElo "1900"]
[BlackElo "2170"]
[PlyCount "104"]
[EventDate "2017.11.13"]
[EventType "swiss"]
[EventRounds "11"]
[EventCountry "ITA"]
[SourceTitle "CBM 181 Extra"]
[Source "ChessBase"]
[SourceDate "2017.12.12"]
[SourceVersion "1"]
[SourceVersionDate "2017.12.12"]
[SourceQuality "1"]

1. c4 g6 2. d4 Nf6 3. Nf3 Bg7 4. g3 0-0 5. Bg2 d6 6. 0-0 Nbd7 7. Nc3 e5 8. d5 a5 9. e4 Nc5 10. Ne1 Nfd7 11. Be3 f5 12. f3 f4 13. Bf2 h5 14. b3 g5 15. Nd3 Nxd3 16. Qxd3 g4 17. Rad1 b6 18. Nb5 Nc5 19. Qe2 Rf7 20. Rb1 Qg5 21. Kh1 gxf3 22. Bxf3 Bg4 23. Bxc5 bxc5 24. gxf4 exf4 25. Rg1 Re8 26. Bxg4 hxg4 27. Qxg4 Qxg4 28. Rxg4 Rxe4 29. Rf1 Kf8 30. h4 Be5 31. Rf3 Re2 32. Rg2 Re3 33. Rgf2 Re1+ 34. Rf1 Re2 35. a4 Kg7 36. Rg1+ Kh6 37. Rg2 Re1+ 38. Kh2 Kh5 39. Rg5+ Kxh4 40. Rg8 Re2+ 41. Kg1 Bg7 42. Kf1 Rb2 43. Rc8 Kg4 44. Rd3 f3 45. Rd1 Rh2 46. Kg1 Kg3 47. Rd3 Rg2+ 48. Kf1 Rf2+ 49. Ke1 Re7+ 50. Kd1 Ree2 51. Kc1 Rf1+ 52. Rd1 Bh6+ 0-1

[Event "Penang op 7th"]
[Site "Penang"]
[Date "2015.12.11"]
[Round "7"]
[White "Chua, Xue Kai Alfred"]
[Black "Koo, Wei Xin Rosamund"]
[Result "1-0"]
[WhiteElo "1583"]
[BlackElo "1864"]
[PlyCount "151"]
[EventDate "2015.12.07"]
[EventType "swiss"]
[EventRounds "9"]
[EventCountry "MAS"]
[SourceTitle "CBM 169 Extra"]
[Source "ChessBase"]
[SourceDate "2015.12.18"]
[SourceVersion "1"]
[SourceVersionDate "2015.12.18"]
[SourceQuality "1"]

1. e4 g6 2. d4 Bg7 3. Nc3 c5 4. dxc5 Bxc3+ 5. bxc3 Qa5 6. Qd4 Nf6 7. Bb2 Nc6 8. Qe3 b6 9. cxb6 Qxb6 10. Qxb6 axb6 11. Bd3 0-0 12. Nf3 Ra4 13. Nd4 Bb7 14. f3 Rfa8 15. a3 Ne5 16. Bb5 R4a5 17. c4 d6 18. Nb3 R5a7 19. 0-0 Ba6 20. Bxe5 dxe5 21. a4 Rc8 22. Nd2 Bxb5 23. axb5 Rd7 24. Rf2 Rd4 25. Ra6 Nd7 26. Kf1 e6 27. Ke1 Rc7 28. Ra8+ Kg7 29. Rd8 Ra7 30. Re2 f6 31. Re3 Nc5 32. Rxd4 exd4 33. Re2 Ra1+ 34. Kf2 d3 35. cxd3 Nxd3+ 36. Kg3 Rc1 37. Re3 Nb2 38. Ra3 Rd1 39. Ra7+ Kh6 40. Nb3 Nxc4 41. Rc7 Ne5 42. Rb7 Rd6 43. Nc1 Nc4 44. Ne2 g5 45. Rc7 Na3 46. Nc3 Kg6 47. Ra7 Nc4 48. Rc7 Ne5 49. Na4 h5 50. h4 gxh4+ 51. Kxh4 Rd2 52. Kh3 Nd3 53. Kg3 Ne1 54. Nxb6 e5 55. Nd7 Rxg2+ 56. Kh3 Rf2 57. b6 Rxf3+ 58. Kh2 Rb3 59. b7 Nf3+ 60. Kg2 Nh4+ 61. Kf2 Rb2+ 62. Kg3 Kg5 63. b8Q Rxb8 64. Nxb8 Ng6 65. Rf7 h4+ 66. Kh2 Nf4 67. Nd7 Nh5 68. Rh7 Ng3 69. Rg7+ Kf4 70. Nxf6 Nxe4 71. Rg4+ Kf5 72. Rxe4 Kxf6 73. Rxh4 Kf5 74. Kg3 Kg5 75. Re4 Kf5 76. Kf3 1-0

[Event "Penang op 7th"]
[Site "Penang"]
[Date "2015.12.08"]
[Round "2"]
[White "Koo, Wei Xin Rosamund"]
[Black "Kamarunsalehin, Awangku"]
[Result "1-0"]
[WhiteElo "1864"]
[BlackElo "1985"]
[PlyCount "113"]
[EventDate "2015.12.07"]
[EventType "swiss"]
[EventRounds "9"]
[EventCountry "MAS"]
[SourceTitle "CBM 169 Extra"]
[Source "ChessBase"]
[SourceDate "2015.12.18"]
[SourceVersion "1"]
[SourceVersionDate "2015.12.18"]
[SourceQuality "1"]

1. d4 Nf6 2. Nf3 g6 3. c4 c5 4. d5 b5 5. cxb5 a6 6. bxa6 Bxa6 7. Nc3 d6 8. e4 Bxf1 9. Kxf1 Nbd7 10. h3 Bg7 11. g3 0-0 12. Kg2 Qa5 13. Qe2 Rfb8 14. h4 h5 15. Bg5 Qa6 16. Rhe1 Nb6 17. Rac1 Na4 18. Rc2 Nxc3 19. bxc3 Kf8 20. c4 Ng4 21. Bf4 Qa4 22. Rec1 f6 23. Nh2 Qd7 24. Nxg4 hxg4 25. Rh1 Kf7 26. Be3 Rh8 27. Rb1 Rhb8 28. Rxb8 Rxb8 29. Rb2 Ra8 30. Rc2 f5 31. exf5 gxf5 32. Bg5 Bf6 33. Bxf6 exf6 34. Qd3 Re8 35. f3 gxf3+ 36. Qxf3 Re4 37. Qh5+ Kg7 38. Qf3 Qa4 39. Qb3 Qa5 40. Qb7+ Kh6 41. Qc8 Qe1 42. Rf2 f4 43. Qh8+ Kg6 44. Qg8+ Kf5 45. gxf4 Rxc4 46. Qc8+ Kg6 47. f5+ Kh5 48. Qh8+ Kg4 49. Qg7+ Kxh4 50. Qxf6+ Kg4 51. Qg6+ Kh4 52. Qh6+ Kg4 53. Qe6 Re4 54. Qg6+ Kh4 55. Qh6+ Kg4 56. f6 Qe3 57. Qg6+ 1-0

[Event "World School-ch U17 Girls 11th"]
[Site "Pattaya"]
[Date "2015.05.12"]
[Round "7"]
[White "Koo, Wei Xin Rosamund"]
[Black "Methmani, Nelunika"]
[Result "1-0"]
[WhiteElo "1716"]
[BlackElo "1701"]
[PlyCount "77"]
[EventDate "2015.05.07"]
[EventType "swiss"]
[EventRounds "9"]
[EventCountry "THA"]
[SourceTitle "CBM 166 Extra"]
[Source "ChessBase"]
[SourceDate "2015.06.18"]
[SourceVersion "1"]
[SourceVersionDate "2015.06.18"]
[SourceQuality "1"]

1. d4 Nf6 2. Nf3 g6 3. c4 Bg7 4. g3 d6 5. Bg2 0-0 6. 0-0 Nc6 7. Nc3 Rb8 8. d5 Na5 9. Nd2 c5 10. Qc2 a6 11. a4 Bd7 12. e4 Ng4 13. h3 Ne5 14. Ne2 b5 15. axb5 axb5 16. f4 Nexc4 17. Nxc4 Nxc4 18. Rb1 Qa5 19. b3 Nb6 20. Bd2 b4 21. Be3 Rfc8 22. Kh2 c4 23. Bd4 cxb3 24. Qxb3 Na4 25. Bxg7 Kxg7 26. Nd4 Rc3 27. Qd1 Rbc8 28. e5 dxe5 29. fxe5 Re3 30. e6 fxe6 31. Nxe6+ Rxe6 32. dxe6 Bxe6 33. Qd4+ Kg8 34. Qxb4 Qa7 35. Ra1 Rc4 36. Qb5 Qd7 37. Qxd7 Bxd7 38. Bd5+ Kg7 39. Bxc4 1-0

[Event "World School-ch U17 Girls 11th"]
[Site "Pattaya"]
[Date "2015.05.08"]
[Round "2"]
[White "Koo, Wei Xin Rosamund"]
[Black "Egorova, Ayyna"]
[Result "1-0"]
[WhiteElo "1716"]
[BlackElo "1912"]
[PlyCount "59"]
[EventDate "2015.05.07"]
[EventType "swiss"]
[EventRounds "9"]
[EventCountry "THA"]
[SourceTitle "CBM 166 Extra"]
[Source "ChessBase"]
[SourceDate "2015.06.18"]
[SourceVersion "1"]
[SourceVersionDate "2015.06.18"]
[SourceQuality "1"]

1. d4 c5 2. c3 e6 3. e4 d5 4. exd5 exd5 5. Nf3 c4 6. b3 b5 7. a4 Qa5 8. Bb2 Be7 9. Qc2 Be6 10. axb5 Qxb5 11. bxc4 dxc4 12. Na3 Bxa3 13. Bxa3 Nc6 14. Nd2 Rc8 15. Ne4 Rd8 16. Nd6+ Rxd6 17. Bxd6 Qd5 18. Bc5 a5 19. Ra4 Nf6 20. f3 Bf5 21. Qe2+ Kd8 22. Qxc4 Re8+ 23. Kf2 Ng4+ 24. fxg4 Qe4 25. Qe2 Qb1 26. Qd2 Bc2 27. Ra3 Re6 28. g5 Bb3 29. g4 Ne7 30. Bg2 1-0

[Event "ASEAN-ch U16 Girls 15th"]
[Site "Taipa"]
[Date "2014.06.05"]
[Round "2"]
[White "Koo, Wei Xin Rosamund"]
[Black "Batsaikhan, Ganchimeg"]
[Result "0-1"]
[WhiteElo "1646"]
[BlackElo "1678"]
[PlyCount "126"]
[EventDate "2014.06.04"]
[EventType "swiss"]
[EventRounds "9"]
[EventCountry "MAC"]
[SourceTitle "CBM 160 Extra"]
[Source "ChessBase"]
[SourceDate "2014.07.01"]
[SourceVersion "1"]
[SourceVersionDate "2014.07.01"]
[SourceQuality "1"]

1. d4 Nf6 2. c4 c5 3. d5 b5 4. cxb5 a6 5. bxa6 Bxa6 6. Nc3 d6 7. Nf3 g6 8. g3 Bg7 9. Bg2 Nbd7 10. 0-0 0-0 11. Re1 Qb6 12. e4 Ng4 13. Qc2 Nge5 14. Nxe5 Nxe5 15. Rd1 Rfb8 16. Rb1 Qb4 17. Ra1 Nc4 18. a3 Qb6 19. Ra2 Na5 20. Bf1 Bxf1 21. Rxf1 Nb3 22. Ne2 Bd4 23. Bh6 Rc8 24. Kg2 Ra4 25. Nxd4 Rxd4 26. Be3 Ra4 27. Rd1 Qb5 28. Rd3 Rb8 29. Rc3 Rb7 30. h4 h5 31. f3 f6 32. Bf2 Kf7 33. Qd1 Nd4 34. Qd3 Qxd3 35. Rxd3 Rb3 36. Rxb3 Nxb3 37. Be1 e6 38. dxe6+ Kxe6 39. Bc3 f5 40. Kf2 Kd7 41. Ke3 Kc6 42. Bd2 Kb5 43. exf5 gxf5 44. Kd3 Rd4+ 45. Kc3 Nxd2 46. b4 Nxf3 47. a4+ Kc6 48. b5+ Kb7 49. a5 Ne5 50. a6+ Ka8 51. b6 Rb4 52. b7+ Ka7 53. Rf2 Nc6 54. Rxf5 Rb3+ 55. Kc4 Na5+ 56. Kd5 Rd3+ 57. Ke6 Nc6 58. Kd7 Nb8+ 59. Kc7 Nxa6+ 60. Kc8 Rxg3 61. Rf7 Rg8+ 62. Kd7 c4 63. Kxd6 c3 0-1

[Event "ASEAN-ch U14 Girls 14th"]
[Site "Chiangmai"]
[Date "2013.06.12"]
[Round "8"]
[White "Koo, Wei Xin Rosamund"]
[Black "Tran, Ngoc Minh Tuong"]
[Result "1/2-1/2"]
[WhiteElo "1528"]
[BlackElo "1625"]
[PlyCount "99"]
[EventDate "2013.06.08"]
[EventType "swiss"]
[EventRounds "9"]
[EventCountry "THA"]
[SourceTitle "EXT 2014"]
[Source "ChessBase"]
[SourceDate "2013.11.20"]
[SourceVersion "1"]
[SourceVersionDate "2013.11.20"]
[SourceQuality "1"]

1. d4 Nf6 2. Nf3 e6 3. c4 b6 4. g3 Bb7 5. Bg2 Be7 6. 0-0 0-0 7. Nc3 Ne4 8. Qc2 Nxc3 9. bxc3 f5 10. Re1 Be4 11. Qd1 d6 12. Nd2 Bxg2 13. Kxg2 Bf6 14. e3 Nd7 15. f3 Rc8 16. Bb2 c5 17. d5 exd5 18. cxd5 Ne5 19. Qc2 Qd7 20. a4 c4 21. e4 Nd3 22. Re2 Rfe8 23. Ba3 Qc7 24. Rb1 a6 25. Bb4 f4 26. g4 Be5 27. Rh1 Qf7 28. Qb1 Qf6 29. Nxc4 Rxc4 30. Qxd3 Rec8 31. a5 b5 32. Rc2 Bxc3 33. Bxc3 Rxc3 34. Rxc3 Rxc3 35. Qd2 Rc4 36. Rc1 Rxc1 37. Qxc1 b4 38. Qc8+ Qf8 39. Qb7 Qd8 40. Qxb4 Qc7 41. Qd2 g5 42. Kf2 Qc5+ 43. Kg2 Kf7 44. h4 h6 45. hxg5 hxg5 46. e5 dxe5 47. d6 Ke8 48. d7+ Kd8 49. Kh2 Qe7 50. Qd5 1/2-1/2